Tapas – Tritha ~ Generating the Soul Connection A Spiritual Retreat Hub, Tiruvannamalai (Record no. 12593)

000 -LEADER
fixed length control field 00592nam a2200169 4500
008 - FIXED-LENGTH DATA ELEMENTS--GENERAL INFORMATION
fixed length control field 240227b ||||| |||| 00| 0 eng d
040 ## - CATALOGING SOURCE
Original cataloging agency BMS College of Architecture
100 ## - MAIN ENTRY--PERSONAL NAME
Personal name M.Rakshanaa
245 ## - TITLE STATEMENT
Title Tapas – Tritha ~ Generating the Soul Connection A Spiritual Retreat Hub, Tiruvannamalai
300 ## - PHYSICAL DESCRIPTION
Extent 90p.
500 ## - GENERAL NOTE
General note ICF19AT053
502 ## - DISSERTATION NOTE
Degree type B,Arch
Name of granting institution BMS College of Architecture, Visvesvaraya Technological University (VTU)
Dissertation note Project report
Year degree granted 2023
650 ## - SUBJECT ADDED ENTRY--TOPICAL TERM
Topical term or geographic name as entry element Spiritual Retreat Hub
700 ## - ADDED ENTRY--PERSONAL NAME
Personal name Shubhra Pande
Relator term Guide
710 ## - ADDED ENTRY--CORPORATE NAME
Corporate name or jurisdiction name as entry element Reshma Kamat
-- Guide
942 ## - ADDED ENTRY ELEMENTS (KOHA)
Source of classification or shelving scheme
Koha item type UG-Thesis and Dissertations
Holdings
Withdrawn status Lost status Source of classification or shelving scheme Damaged status Not for loan Permanent Location Current Location Date acquired Barcode Date last seen Koha item type
        Not For Loan BMS College of Architecture, Design and Planning BMS College of Architecture, Design and Planning 2024-02-27 AR-UGP1213 2024-02-27 UG-Thesis and Dissertations
Copyright © 2025, The Librarian, Library and Information Centre, BMSCA D&P, Bengaluru. All Rights Reserved
web counter

Powered by Koha